Wind Waker Islands Quiz - Statistics

General Stats
  • This quiz has been taken 55 times
  • The average score is 28 of 49
Answer Stats
Location Important Items Answer % Correct
B6 - Home of the Rito, and Valoo First Dungeon in game, Grappling Hook, Medii Dragon Roost Island
90%
A1 - Ganon's Island, Defeat Phantom Ganon for Skull Hammer and rescue your sister Skull Hammer, Link's Sister Forsaken Fortress
85%
B4 - Main merchant island in the game Auction House, Sail, School Windfall Island
85%
G2 - Island where Link and his family live Wallet Capacity Upgrade, Triforce Chart Outset Island
80%
D5 - Tower that must be raised with three Pearls Hero's Bow, Ancient Hyrule portal Tower of the Gods
80%
A3 - Fairy grants a wallet upgrade here Wallet Upgrade Northern Fairy Island
78%
E6 - Island that looks like it has a fuse above it Two Pieces of Heart, Empty Bottle on Submarine Bomb Island
76%
C5 - Island with a shell and fairy Bomb Capacity Upgrade Eastern Fairy Island
76%
C1 - Island with a shell and fairy Arrow Capacity Upgrade Western Fairy Island
76%
F4 - Island with a Shell and Fairy Bomb Capacity Upgrade Southern Fairy Island
73%
C3 - Island with a look out and dancing people Tingle, decipher triforce charts Tingle Island
73%
D6 - Small island with a receptacle for Faore's Pearl Faore's Pearl receptacle, raise Tower of the Gods Eastern Triangle Island
71%
E4 - Small island with a receptacle for Nayru's Pearl Nayru's Pearl receptacle, raise tower of the gods Southern Triangle Island
71%
F6 - Two Islands including home of the Koroks Forbidden Woods Dungeon Forest Haven
68%
B1 - One of the six reefs Great Fairy Chart Four eye reef
68%
C4 - Small island with a recepticle for Din's Pearl Din's Pearl recepticle, raise Tower of the Gods Northern Triangle Island
68%
D4 - One of the Six Reefs Piece of Heart Submarine Six Eye Reef
68%
D1 - One of the Six Reefs Heart Piece Three Eye Reef
68%
G4 - One of the Six Reefs Great Fairy that Doubles magic meter Two Eye Reef
68%
F2 - One of the Six Reefs Treasure Chart Five Eye Reef
66%
E5 - Island owned by the school teacher, given to link Triforce Chart, Piece of Heart Private Oasis/Link's Oasis
66%
D2 - Ruined island and ex-home of Jabun, makes sea cursed when visited first time Two Heart Pieces, one from Travelling Merchant Greatfish Isle
63%
B5 - Looks like a dogs paw Piece of heart Pawprint Island
63%
D3 - One of the Six Reefs Light Ring Chart Cyclops Reef
61%
A5 - Shaped like a phase of the moon, a ghost ship location Heart Piece in Ocean Crescent Moon Island
59%
F1 - Island shaped like a diamond Ghost Ship Chart Diamond Steppe Island
59%
F3 - Island shaped like a dangerous sea creature Has four differently triggered timed switches Shark Island
59%
D7 - Island with a Shell and Fairy Increased Arrow Capacity Thorned Fairy Island
59%
C6 - Island that is constantly spewing fire Power Bracelets for Earth Temple Fire Mountain
56%
B3 - Island shaped like a pair of glasses Target shooting game, ghost ship location Spectacle Island
56%
A2 - Island shaped like a celestial object with boulders on each point, secret cave with heart piece under one of them Heart Piece with Secret Cave Star Island
56%
B2 - Two islands, one requiring ballad of gales to enter interior Fairy Queen, Fire and Ice Arrows Mother and Child Isles
51%
A4 - Entrance to the Wind Temple, Requires Iron Boots to get through Wind Temple Entrance Gale Isle
49%
E2 - Islet with many ships guarding it and a metallic appearance Triforce Chart Islet of Steel
46%
C2 - Narrow island with rocky platforms blocked by boulders Beedle's Special Shop Rock Spire Island
46%
B7 - Launch Platform for flying Flying Minigame for Heart Piece Flight Control Platform
44%
G3 - Small island with a giant head that requires the Power Bracelets Earth Temple Headstone Island
44%
E1 - Island with a tall Spire in the center of it Piece of heart requiring use of a seagull to hit switch Needle Rock Isle
41%
E3 - Island with a giant Stone Head Triforce Chart Stone Watcher Island
41%
F5 - Island that is always frozen Iron Boots Ice Ring Isle
39%
G7 - Five stone spires shaped like the constellation Cassiopeia Piece of Heart Five Star Isles
37%
A6 - Five stone Spires arranged like the Big Dipper Big Octo w/ Heart Piece, Triforce Shard Seven Star Isles
37%
C7 - Stone Spire Shaped like constellation Orion Ghost Ship location Star Belt Archipelago
37%
G5 - Two islands that have a giant block puzzle on them Piece of Heart on the blocks Angular Isles
32%
G6 - Two tiny islands with a boat racing mini-game Sea Hearts Chart, Submarine Chart Boating Course
32%
E7 - Island with many switches guarded by birds Triforce Chart requiring seagull Bird's Peak Rock
29%
F7 - Several small islands and one very tall island connected via a secret cave Treasure Chart Cliff Plateau Isles
29%
G1 - Island Shaped like an equine accessory Two treasure charts with Deku nut rolling puzzle Horseshoe Island
29%
A7 - Series of islands requiring the hookshot on trees Triforce Chart Overlook Island
27%
No matching quizzes found
Score Distribution
Percent of People with Each Score
Percentile by Number Answered
Your Score History
You have not taken this quiz